භූතෝන්මාදය /ලසිත රවීන් උමගිලිය.

Saved in:
Bibliographic Details
Main Author: උමගිලිය,ලසිත රවීන්
Format: Book
Language:Sinhalese
Published: වත්තල: ප්‍රතිභා ප්‍රකාශක, 2025
Tags: Add Tag
No Tags, Be the first to tag this record!

MARC

LEADER 00000nam a22000007a 4500
008 251217b |||||||| |||| 00| 0 sin d
020 |a 9786246023287 
041 |h sin 
082 |a 891.483  |b උමගි 
100 |a උමගිලිය,ලසිත රවීන් 
245 |a භූතෝන්මාදය /ලසිත රවීන් උමගිලිය. 
246 |a Boothonmadaya / Lasitha Raween Umagiliya. 
260 |a වත්තල:  |b ප්‍රතිභා ප්‍රකාශක,  |c 2025 
300 |a පි.196;  |c සෙ.මි.21 
942 |c CHBK 
999 |c 32291  |d 32291